Ascètes et rois : un monastère de Kanphata Yogis au Népal /
Saved in:
| Main Author: | |
|---|---|
| Format: | Book |
| Language: | French |
| Published: |
Paris :
CNRS éditions,
c1997.
|
| Series: | CNRS ethnologie.
|
| Subjects: | |
| Tags: |
Add Tag
No Tags, Be the first to tag this record!
|
| LEADER | 00866nam a2200301 a 4500 | ||
|---|---|---|---|
| 001 | 007785663-5 | ||
| 005 | 20020606104010.5 | ||
| 008 | 990104s1997 fr 000 0 fre d | ||
| 020 | |a 2271055318 | ||
| 035 | 0 | |a ocm40566037 | |
| 040 | |a NYP |c NYP |d TZT |d HLS | ||
| 043 | |a a-np--- | ||
| 050 | 0 | 0 | |a MLCM 2001/07490 (B) |
| 072 | 7 | |a DS |2 lcco | |
| 082 | 1 | 4 | |a 954 |2 1 |
| 100 | 1 | |a Bouillier, Véronique. | |
| 245 | 1 | 0 | |a Ascètes et rois : |b un monastère de Kanphata Yogis au Népal / |c Véronique Bouillier. |
| 260 | |a Paris : |b CNRS éditions, |c c1997. | ||
| 300 | |a 263 p. ; |c 24 cm. | ||
| 490 | 1 | |a CNRS ethnologie | |
| 653 | |a Hinduism |a Nepal |a Monastic History | ||
| 650 | 0 | |a Hinduism |z Nepal |x History. | |
| 650 | 0 | |a Hindu monasteries |z Nepal. | |
| 650 | 0 | |a Yogis |z Nepal. | |
| 650 | 0 | |a Kānphaṭas |z Nepal. | |
| 830 | 0 | |a CNRS ethnologie. | |
| 988 | |a 20020608 | ||
| 906 | |0 OCLC | ||


